| 000 | 00756nas1a22002411i 4500 | ||
|---|---|---|---|
| 001 | RU\NLR\INFOCOMM4\1000521296 | ||
| 005 | 20260406202626.0 | ||
| 035 | _a(NLR Aleph) 002441862 | ||
| 090 |
_a2082655 _c2082655 |
||
| 100 | _a20040309c1932 |||y0rusy50 ca | ||
| 101 | 0 | _arus | |
| 102 | _aRU | ||
| 110 | _aayu||||0|y0 | ||
| 200 | 1 |
_aБюллетень _fМосковское областное о-во "За здоровый быт" |
|
| 210 |
_aМ. _d1932 |
||
| 710 | 0 | 2 |
_a"За здоровый быт", общество _cМосква _3RU\NLR\AUTH\889962587 _9421493 |
| 801 | 1 |
_aRU _bInfoComm _c20040309 |
|
| 801 | 0 |
_aRU _bNLR _gPSBO |
|
| 852 |
_aNLR _jП17/64 |
||
| 942 | _cJOURNAL | ||
| 980 | _aRUSPER | ||